| 000 | 00585nam a22001817a 4500 | ||
|---|---|---|---|
| 003 | DO-SdBNP | ||
| 005 | 20180124151102.0 | ||
| 008 | 160328b 1999 mx ||||| |||| 00| 0 spa d | ||
| 020 | _a9687277300 | ||
| 040 |
_aBPMSU _bspa _cBPMSU |
||
| 100 | _aCuauhtémoc Sánchez, Carlos | ||
| 245 |
_aDirigentes del mundo futuro : _bdesarrollo máximo de facultades / _cCarlos Cuauhtémoc Sánchez |
||
| 260 |
_aMéxico : _bEdiciones Selectas Diamante ; _c1999. |
||
| 300 |
_a220 p. : _bil. : _c22 cm |
||
| 942 |
_2ddc _cBK |
||
| 945 | _aInventariado, 2018 / YL | ||
| 956 |
_aDGARCIA _b10 _cBPMSU |
||
| 999 |
_c9389 _d9389 |
||